Statistiken für Millionenstädte

Klicken Sie hier um das Quiz zu spielen!

Allgemein

  • Dieses Quiz wurde 124 mal gespielt
  • Das Durchschnittsergebnis liegt bei 8 aus 15

Antwortstatistiken

HintAntwort% Korrekt
Deutschland: 3,8 Mio.Berlin
95%
Deutschland: 1,8 Mio.Hamburg
94%
England: 8,8 Mio.London
93%
Australien: 5,2 Mio.Sydney
81%
Irak: 6,7 Mio.Bagdad
76%
Afghanistan: 4,4 Mio.Kabul
73%
Vietnam: 3,6 Mio.Hanoi
71%
Argentinien: 3,1 Mio.Buenos Aires
69%
USA: 3,8 Mio.Los Angeles
48%
Türkei: 2,9 Mio.Izmir
42%
Russland: 5,6 Mio.Sankt Petersburg
34%
Kasachstan: 2,1 MioAlmaty
31%
Indien: 4 Mio.Jaipur
5%
Pakistan: 1,9 Mio.Peschawar
5%
China: 6,4 Mio.Zhengzhou
2%

Verteilung der Resultate

Perzentil nach korrekt beantworteten Fragen

Anzahl Personen mit jedem Resultat

Ihre Resultats-Entwicklung

Sie haben dieses Quiz noch nicht gespielt